| 000 | 00000nam##2200000za#4500 |
| 001 | 9.576458 |
| 003 | CaOODSP |
| 005 | 20210624185140 |
| 007 | cr ||||||||||| |
| 008 | 150406|1983||||xxc|||||o f|0| 0 eng|d |
| 040 | |aCaOODSP|beng |
| 043 | |an-cn--- |
| 086 | 1 |aFs97-13/424E-PDF |
| 110 | 1 |aCanada. |bDepartment of Fisheries and Oceans. |
| 245 | 10|aResults of spiny dogfish (Squalus acanthias) tagging in the Strait of Georgia during 1981 / |h[electronic resource]|cby M.S. Smith, G.A. McFarlane, and L.G. Egan. |
| 260 | |aNanaimo - British Columbia : |bFisheries and Oceans Canada |c1983. |
| 300 | |a102p.|breferences, tables |
| 490 | 1 |aCanadian data report of fisheries and aquatic sciences|vNo. 424 |
| 500 | |aOn t.p.: Pacific Biological Station, Nanaimo, British Columbia. Catalogue number of the print edition appears in the PDF version. |
| 546 | |a(Résumé en français) |
| 590 | |a13-13-Supp|b2013-05-21 |
| 720 | 1 |aMcFarlane, G. A. |
| 720 | 1 |aSmith, M. S. |
| 720 | 1 |aEgan, L. G. |
| 830 | #0|aCanadian data report of fisheries and aquatic sciences ;|vNo. 424|w(CaOODSP)9.505124 |
| 856 | 40|ahttp://publications.gc.ca|qPDF|s1884 KB|uhttps://publications.gc.ca/collections/collection_2013/mpo-dfo/Fs97-13-424-eng.pdf|yNo. 424 |